[Event "Sportaccord WMG Blitz Women"]
[Site "Beijing CHN"]
[Date "2011.12.13"]
[Round "11"]
[Board "5"]
[White "Muzychuk, Anna"]
[Black "Ju, Wenjun"]
[Result "0-1"]
[WhiteTitle "IM"]
[BlackTitle "WGM"]
[WhiteElo "2562"]
[BlackElo "2543"]
[WhiteFideId "14111330"]
[BlackFideId "8603006"]
[EventDate "2011.12.12"]

1. e4 c5 2. Nc3 d6 3. f4 Nc6 4. Nf3 g6 5. g3 Bg7 6. Bg2 e5 7. d3 Nge7 8. O-O O-O
9. Be3 Nd4 10. Qd2 Bg4 11. Rf2 Rc8 12. Raf1 Qd7 13. Nh4 b5 14. f5 gxf5 15. h3 f4
16. gxf4 exf4 17. Bxf4 Bxh3 18. Qe3 Bxg2 19. Rxg2 Ng6 20. Qg3 Kh8 21. Nd5 Ne6
22. Nxg6+ fxg6 23. Bxd6 Bd4+ 24. Ne3 Bxe3+ 25. Qxe3 Qxd6 26. Rgf2 Qd4 27. Qh3 0-1

[Event "Sportaccord WMG Blitz Women"]
[Site "Beijing CHN"]
[Date "2011.12.13"]
[Round "11"]
[Board "7"]
[White "Zatonskih, Anna"]
[Black "Dzagnidze, Nana"]
[Result "0-1"]
[WhiteTitle "IM"]
[BlackTitle "GM"]
[WhiteElo "2506"]
[BlackElo "2516"]
[WhiteFideId "14101572"]
[BlackFideId "13601903"]
[EventDate "2011.12.12"]

1. e4 c5 2. g3 Nc6 3. Bg2 g6 4. d3 Bg7 5. f4 d6 6. Nf3 Nh6 7. O-O O-O 8. c3 f5
9. Re1 Nf7 10. Be3 Rb8 11. a4 a6 12. Nbd2 b5 13. axb5 axb5 14. d4 cxd4 15. cxd4
fxe4 16. Nxe4 Na5 17. Bf2 Nc4 18. Neg5 Nxb2 19. Qb3 Nc4 20. Nxf7 Rxf7 21. Ng5
Rf5 22. Be4 Rxg5 23. fxg5 d5 24. Bg2 Bf5 25. h3 e6 26. g4 Be4 27. Bxe4 Nd2 28.
Qa2 Nxe4 29. Rxe4 dxe4 30. Qxe6+ Kh8 31. Qxe4 Qxg5 32. Ra8 Qd8 33. Ra7 Qf6 34.
Ra8 Qd8 35. Ra7 b4 36. d5 Qf6 37. Bg3 Rf8 38. Rb7 Qc3 39. Rxg7 Qxg3+ 40. Kh1
Rf1# 0-1

[Event "Sportaccord WMG Blitz Women"]
[Site "Beijing CHN"]
[Date "2011.12.13"]
[Round "12"]
[Board "1"]
[White "Lahno, Kateryna"]
[Black "Hou, Yifan"]
[Result "0-1"]
[WhiteTitle "GM"]
[BlackTitle "GM"]
[WhiteElo "2549"]
[BlackElo "2578"]
[WhiteFideId "14109336"]
[BlackFideId "8602980"]
[EventDate "2011.12.12"]

1. e4 c5 2. c3 Nf6 3. e5 Nd5 4. Nf3 Nc6 5. Bc4 e6 6. d4 cxd4 7. cxd4 d6 8. Qe2
Be7 9. O-O O-O 10. Bd2 Bd7 11. Nc3 Nxc3 12. Bxc3 d5 13. Bd3 f6 14. exf6 Bxf6 15.
b4 a6 16. a4 Qb6 17. b5 axb5 18. axb5 Rxa1 19. Rxa1 Ne7 20. Bb4 Rc8 21. Bc5 Qd8
22. b6 Rxc5 23. dxc5 Bxa1 24. Ng5 Ng6 25. Qh5 h6 26. Nxe6 Bxe6 27. Qxg6 Bf6 28.
Qh7+ Kf7 29. Qg6+ Ke7 30. Qg3 Qd7 31. Qb8 Qc8 32. Qa7 Bd4 33. Ba6 Qxc5 34. Qxb7+
Kf6 35. g3 Qxb6 36. Qa8 Bxf2+ 37. Kg2 Bc5 38. Be2 Qd6 39. Bf3 d4 40. Qa1 Qe5 41.
Qa8 Qd6 42. Qa1 Bd5 43. Qf1 Bxf3+ 44. Qxf3+ Ke7 45. Qe4+ Kd7 46. Qb7+ Ke6 47.
Qe4+ Qe5 48. Qc6+ Bd6 49. Qc8+ Ke7 50. Qb7+ Kf6 51. Qf3+ Qf5 52. Qc6 Qe5 53.
Qf3+ Ke6 54. Qg4+ Ke7 55. Qh4+ Kd7 56. Qg4+ Kc7 57. Qf3 Kb6 58. Qb3+ Kc5 59.
Qc2+ Kd5 60. Qb3+ Kc6 61. Qa4+ Kc7 62. Qa7+ Kd8 63. Qa8+ Ke7 64. Qb7+ Kf6 65.
Qf3+ Ke6 66. Qd3 Qd5+ 67. Kg1 Qe5 68. Kg2 Kf7 69. Qb3+ Kg6 70. Qd3+ Kf6 71. Qf3+
Ke6 72. Qg4+ Kf7 73. Qf3+ Qf6 74. Qd5+ Ke7 75. Qb7+ Ke6 76. Qe4+ Be5 77. Qc6+
Kf5 78. Qf3+ Kg6 79. Qe4+ Qf5 80. Qc6+ Kh7 81. Qd5 g6 82. h3 h5 83. Qb7+ Bg7 84.
Qb4 Qe4+ 85. Kf2 Qe3+ 86. Kg2 d3 87. g4 Qe2+ 88. Kh1 d2 0-1

[Event "Sportaccord WMG Blitz Women"]
[Site "Beijing CHN"]
[Date "2011.12.13"]
[Round "12"]
[Board "2"]
[White "Dzagnidze, Nana"]
[Black "Harika, Dronavalli"]
[Result "1/2-1/2"]
[WhiteTitle "GM"]
[BlackTitle "GM"]
[WhiteElo "2516"]
[BlackElo "2512"]
[WhiteFideId "13601903"]
[BlackFideId "5015197"]
[EventDate "2011.12.12"]

1. d4 c5 2. d5 d6 3. Nc3 g6 4. e4 Bg7 5. Be3 Nf6 6. h3 O-O 7. Nf3 Na6 8. Be2 Nc7
9. a4 Rb8 10. Nd2 b6 11. O-O a6 12. Nc4 b5 13. axb5 axb5 14. Na5 Bd7 15. Bf3 b4
16. Ne2 Ra8 17. Nc6 Bxc6 18. dxc6 Nfe8 19. c3 bxc3 20. bxc3 Nb5 21. Qb3 Nec7 22.
Bg5 h6 23. Rxa8 Qxa8 24. Bxe7 Re8 25. Bh4 Qxc6 26. e5 d5 27. c4 Nd4 28. Nxd4
cxd4 29. cxd5 Qc3 30. Qxc3 dxc3 31. d6 Ne6 32. d7 Rb8 33. Bd5 g5 34. Bg3 Rd8 35.
Bc6 c2 36. Ba4 Nd4 37. Kh2 Ne2 38. Bxc2 Rxd7 39. Re1 Nxg3 40. fxg3 Re7 41. Bb3
Bxe5 42. Rf1 Kg7 43. Rf5 f6 44. Rf3 h5 45. Kg1 Rc7 46. Be6 Rc2 47. Rd3 Rc7 48.
g4 h4 49. Rd7+ Rxd7 50. Bxd7 Kf8 51. Bf5 Ke7 52. Kf1 Kd6 53. Ke2 Kd5 54. Kf3 Kd4 1/2-1/2

[Event "Sportaccord WMG Blitz Women"]
[Site "Beijing CHN"]
[Date "2011.12.13"]
[Round "12"]
[Board "3"]
[White "Danielian, Elina"]
[Black "Zatonskih, Anna"]
[Result "1/2-1/2"]
[WhiteTitle "GM"]
[BlackTitle "IM"]
[WhiteElo "2497"]
[BlackElo "2506"]
[WhiteFideId "13300210"]
[BlackFideId "14101572"]
[EventDate "2011.12.12"]

1. Nf3 d5 2. c4 e6 3. g3 Nf6 4. Bg2 dxc4 5. Qa4+ Nbd7 6. Qxc4 a6 7. Qc2 c5 8.
O-O b5 9. a4 Bb7 10. axb5 axb5 11. Rxa8 Qxa8 12. Na3 Qa6 13. d3 Be7 14. Qb3 b4
15. Nc4 Bd5 16. Qc2 O-O 17. Bf4 Ra8 18. e4 Bxc4 19. dxc4 Nh5 20. e5 Rd8 21. b3
Nb8 1/2-1/2

[Event "Sportaccord WMG Blitz Women"]
[Site "Beijing CHN"]
[Date "2011.12.13"]
[Round "12"]
[Board "4"]
[White "Ju, Wenjun"]
[Black "Cramling, Pia"]
[Result "0-1"]
[WhiteTitle "WGM"]
[BlackTitle "GM"]
[WhiteElo "2543"]
[BlackElo "2495"]
[WhiteFideId "8603006"]
[BlackFideId "1700030"]
[EventDate "2011.12.12"]

1. d4 d5 2. c4 c6 3. Nf3 Nf6 4. Nc3 dxc4 5. a4 Bf5 6. e3 e6 7. Bxc4 Bb4 8. O-O
O-O 9. Qe2 Bg6 10. Rd1 Nbd7 11. Ne5 Nxe5 12. dxe5 Nd7 13. f4 Qc7 14. e4 Nc5 15.
Na2 Nxe4 16. Nxb4 Qb6+ 17. Be3 Qxb4 18. Rd4 c5 19. Rd7 Rfd8 20. Rad1 Rxd7 21.
Rxd7 Qxa4 22. Rxb7 Rd8 23. g3 h5 24. b3 Qa1+ 25. Kg2 Rd1 26. Rb8+ Kh7 27. Bd3
Re1 28. Qf3 Qb2+ 29. Kh3 Bf5+ 30. g4 hxg4+ 31. Qxg4 Bxg4+ 32. Kxg4 Rxe3 0-1

[Event "Sportaccord WMG Blitz Women"]
[Site "Beijing CHN"]
[Date "2011.12.13"]
[Round "12"]
[Board "5"]
[White "Dembo, Yelena"]
[Black "Muzychuk, Anna"]
[Result "1/2-1/2"]
[WhiteTitle "IM"]
[BlackTitle "IM"]
[WhiteElo "2468"]
[BlackElo "2562"]
[WhiteFideId "723916"]
[BlackFideId "14111330"]
[EventDate "2011.12.12"]

1. e4 c5 2. Nf3 e6 3. Nc3 a6 4. d4 cxd4 5. Nxd4 b5 6. Bd3 d6 7. O-O Nf6 8. Qe2
Be7 9. a4 b4 10. Nd1 e5 11. Nb3 Nc6 12. Be3 O-O 13. a5 Be6 14. Bb6 Qc8 15. Ne3
Bd8 16. Bxd8 Rxd8 17. f4 Bxb3 18. cxb3 Nd4 19. Qd1 exf4 20. Rxf4 Qc5 21. Kh1 Qg5
22. g3 Nh5 23. Bc4 Nxf4 24. gxf4 Qc5 25. Rc1 Ne6 26. Qf3 Qd4 27. Rg1 Qf6 28. Nd5
Qxb2 29. f5 Nc5 30. f6 g6 31. Qf4 Qe5 32. Qh6 Qxe4+ 33. Rg2 Qe1+ 34. Rg1 Qe4+
35. Rg2 Qe1+ 36. Rg1 1/2-1/2

[Event "Sportaccord WMG Blitz Women"]
[Site "Beijing CHN"]
[Date "2011.12.13"]
[Round "12"]
[Board "6"]
[White "Cmilyte, Viktorija"]
[Black "Skripchenko, Almira"]
[Result "1-0"]
[WhiteTitle "GM"]
[BlackTitle "IM"]
[WhiteElo "2503"]
[BlackElo "2468"]
[WhiteFideId "12801259"]
[BlackFideId "13900145"]
[EventDate "2011.12.12"]

1. d4 e6 2. c4 f5 3. g3 Nf6 4. Bg2 Be7 5. Nf3 O-O 6. O-O d6 7. b3 Ne4 8. Bb2 Bf6
9. Nbd2 Nc6 10. e3 Nxd2 11. Qxd2 e5 12. d5 Ne7 13. Qc2 Kh8 14. Nd2 e4 15. Bxf6
Rxf6 16. Rae1 c6 17. f3 cxd5 18. cxd5 Nxd5 19. fxe4 Ne7 20. Qb2 Nc6 21. exf5
Rxf5 22. e4 Qb6+ 23. Kh1 Be6 24. Nf3 h6 25. Rd1 Qc5 26. Qd2 1-0

[Event "Sportaccord WMG Blitz Women"]
[Site "Beijing CHN"]
[Date "2011.12.13"]
[Round "12"]
[Board "7"]
[White "Socko, Monika"]
[Black "Stefanova, Antoaneta"]
[Result "0-1"]
[WhiteTitle "GM"]
[BlackTitle "GM"]
[WhiteElo "2479"]
[BlackElo "2531"]
[WhiteFideId "1106619"]
[BlackFideId "2902257"]
[EventDate "2011.12.12"]

1. d4 d5 2. c4 c6 3. Nf3 e6 4. cxd5 exd5 5. Nc3 Bf5 6. Bf4 Nd7 7. e3 Ngf6 8. Bd3
Bxd3 9. Qxd3 Bb4 10. O-O O-O 11. a3 Bxc3 12. Qxc3 Ne4 13. Qd3 g5 14. Be5 f6 15.
Bg3 Qe7 16. Nd2 f5 17. Nxe4 fxe4 18. Qb3 Nf6 19. Rae1 Rae8 20. f3 b6 21. Kh1
exf3 22. gxf3 Qf7 23. Qc2 Re6 24. Be5 Nd7 25. f4 Qf5 26. Qg2 g4 27. e4 dxe4 28.
Rxe4 c5 29. Ree1 cxd4 30. Bxd4 Rxe1 31. Rxe1 Nf6 32. Be5 h5 33. Qe2 Qd7 34. Rd1
Qb7+ 35. Kg1 b5 36. Qd3 Qe4 0-1

[Event "Sportaccord WMG Blitz Women"]
[Site "Beijing CHN"]
[Date "2011.12.13"]
[Round "13"]
[Board "1"]
[White "Paehtz, Elisabeth"]
[Black "Lahno, Kateryna"]
[Result "1/2-1/2"]
[WhiteTitle "IM"]
[BlackTitle "GM"]
[WhiteElo "2457"]
[BlackElo "2549"]
[WhiteFideId "4641833"]
[BlackFideId "14109336"]
[EventDate "2011.12.12"]

1. e4 e5 2. Nf3 Nc6 3. Bc4 Bc5 4. c3 Nf6 5. d3 a6 6. Bb3 d6 7. Nbd2 Ba7 8. h3 h6
9. Qe2 Be6 10. Nc4 Qd7 11. Ne3 Bxb3 12. axb3 Ne7 13. Bd2 Qe6 14. b4 O-O 15. g4
d5 16. Nf5 dxe4 17. dxe4 Nxf5 18. exf5 Qb3 19. Rb1 e4 20. Ne5 Qd5 21. Bf4 e3 22.
f3 Rad8 23. O-O Qd2 24. Rfe1 Nd5 25. Bg3 c6 26. Nc4 Qxe2 27. Rxe2 g6 28. Kh2
gxf5 29. gxf5 Kh7 30. Nd6 Rd7 31. Ne4 f6 32. Rg1 Rdf7 33. Bd6 Rg8 34. Rxg8 Kxg8
35. c4 Nb6 36. Bc5 Kg7 37. Bxe3 Rd7 38. Bc5 Nc8 39. Rd2 Rxd2+ 40. Nxd2 Kf7 41.
Ne4 1/2-1/2

[Event "Sportaccord WMG Blitz Women"]
[Site "Beijing CHN"]
[Date "2011.12.13"]
[Round "13"]
[Board "2"]
[White "Stefanova, Antoaneta"]
[Black "Kosteniuk, Alexandra"]
[Result "1/2-1/2"]
[WhiteTitle "GM"]
[BlackTitle "GM"]
[WhiteElo "2531"]
[BlackElo "2439"]
[WhiteFideId "2902257"]
[BlackFideId "4128125"]
[EventDate "2011.12.12"]

1. d4 Nf6 2. Nf3 e6 3. e3 b6 4. Bd3 Bb7 5. O-O c5 6. c4 d5 7. Nc3 Be7 8. cxd5
exd5 9. Ne5 O-O 10. Qf3 Nc6 11. Qh3 Nxe5 12. dxe5 Ne4 13. f3 Ng5 14. Qg3 d4 15.
Ne2 dxe3 16. Rd1 Qc7 17. Bxe3 Ne6 18. f4 c4 19. Bc2 Bc5 20. f5 Bxe3+ 21. Qxe3
Qc5 22. Nd4 Nxd4 23. Qxd4 Qxd4+ 24. Rxd4 1/2-1/2

[Event "Sportaccord WMG Blitz Women"]
[Site "Beijing CHN"]
[Date "2011.12.13"]
[Round "13"]
[Board "4"]
[White "Muzychuk, Anna"]
[Black "Cmilyte, Viktorija"]
[Result "1-0"]
[WhiteTitle "IM"]
[BlackTitle "GM"]
[WhiteElo "2562"]
[BlackElo "2503"]
[WhiteFideId "14111330"]
[BlackFideId "12801259"]
[EventDate "2011.12.12"]

1. e4 c5 2. Nc3 Nc6 3. g3 g6 4. Bg2 Bg7 5. d3 d6 6. f4 e5 7. Nh3 Nge7 8. O-O O-O
9. f5 gxf5 10. Qh5 f6 11. exf5 Nd4 12. Nd5 Kh8 13. Nxe7 Qxe7 14. c3 Nc6 15. Bd2
Bd7 16. Rae1 Be8 17. Qh4 Qf7 18. g4 Rd8 19. c4 Nd4 20. Bd5 Qd7 21. Bc3 Bf7 22.
Bxd4 cxd4 23. g5 fxg5 24. Nxg5 1-0

[Event "Sportaccord WMG Blitz Women"]
[Site "Beijing CHN"]
[Date "2011.12.13"]
[Round "13"]
[Board "5"]
[White "Cramling, Pia"]
[Black "Dembo, Yelena"]
[Result "1-0"]
[WhiteTitle "GM"]
[BlackTitle "IM"]
[WhiteElo "2495"]
[BlackElo "2468"]
[WhiteFideId "1700030"]
[BlackFideId "723916"]
[EventDate "2011.12.12"]

1. d4 Nf6 2. c4 g6 3. Nc3 Bg7 4. e4 d6 5. h3 O-O 6. Bg5 h6 7. Be3 Nbd7 8. Nf3 e5
9. d5 Nh5 10. Nd2 a5 11. g3 Nc5 12. Be2 Nf6 13. g4 Nfd7 14. h4 f5 15. gxf5 gxf5
16. exf5 Nf6 17. Qc2 e4 18. Rg1 Kh8 19. Nb3 Nxb3 20. axb3 Bxf5 21. O-O-O Qd7 22.
Qd2 Kh7 23. Rg3 Rg8 24. Rdg1 c6 25. Bd4 e3 26. Bxe3 cxd5 27. Bd4 Bh8 28. Rxg8
Rxg8 29. Rxg8 Kxg8 30. Qxh6 Bg7 31. Qg5 Ne8 32. Nxd5 Kf8 33. Bxg7+ Nxg7 34. Qf6+
Kg8 35. Ne7+ Kh7 36. Nxf5 Qxf5 37. Qxf5+ Nxf5 38. Bd3 Kg6 39. Kd2 1-0

[Event "Sportaccord WMG Blitz Women"]
[Site "Beijing CHN"]
[Date "2011.12.13"]
[Round "13"]
[Board "6"]
[White "Zatonskih, Anna"]
[Black "Ju, Wenjun"]
[Result "1-0"]
[WhiteTitle "IM"]
[BlackTitle "WGM"]
[WhiteElo "2506"]
[BlackElo "2543"]
[WhiteFideId "14101572"]
[BlackFideId "8603006"]
[EventDate "2011.12.12"]

1. e4 c5 2. g3 d6 3. Bg2 g6 4. d3 Bg7 5. f4 Nc6 6. Nf3 e5 7. O-O Nge7 8. c3 O-O
9. Be3 b6 10. f5 gxf5 11. Nh4 d5 12. Qh5 dxe4 13. dxe4 fxe4 14. Bxe4 f5 15. Nxf5
Bxf5 16. Bxf5 Nxf5 17. Rxf5 Rxf5 18. Qxf5 Qd1+ 19. Qf1 Rd8 20. Na3 Qg4 21. Qc4+
Qxc4 22. Nxc4 Kf7 23. Kf2 Ke6 24. Ke2 Ne7 25. Rd1 Rxd1 26. Kxd1 Kd5 27. Nd2 Nf5
28. Bf2 e4 29. Ke2 Bh6 30. Nf1 Bg7 31. Nd2 Bh6 32. Nf1 Ke5 33. Ne3 Nxe3 34. Bxe3
Bg7 35. Bf4+ Kf5 36. Bc1 h5 37. c4 Bd4 38. b3 Kg4 39. Bf4 a6 40. a4 Kh3 41. Bc7
a5 42. Bxb6 Kxh2 43. Bxa5 Kxg3 44. Be1+ Kf4 45. a5 Be5 46. a6 Bb8 47. Bf2 Kg4
48. Bxc5 h4 49. a7 Bxa7 50. Bxa7 h3 51. Bb8 1-0

[Event "Sportaccord WMG Blitz Women"]
[Site "Beijing CHN"]
[Date "2011.12.13"]
[Round "13"]
[Board "8"]
[White "Hou, Yifan"]
[Black "Dzagnidze, Nana"]
[Result "1/2-1/2"]
[WhiteTitle "GM"]
[BlackTitle "GM"]
[WhiteElo "2578"]
[BlackElo "2516"]
[WhiteFideId "8602980"]
[BlackFideId "13601903"]
[EventDate "2011.12.12"]

1. e4 c5 2. Nf3 e6 3. d4 cxd4 4. Nxd4 Nc6 5. Nc3 Qc7 6. Be2 Nf6 7. O-O a6 8. Be3
Bb4 9. Na4 Be7 10. Nxc6 bxc6 11. Nb6 Rb8 12. Nxc8 Qxc8 13. Bd4 c5 14. Be5 Rb6
15. Qd3 O-O 16. b3 d6 17. Bb2 Nd7 18. Rad1 Bf6 19. Bc1 Rd8 20. f4 Rc6 21. Qg3
Nf8 22. Bc4 d5 23. exd5 Rcd6 24. Qf3 Bd4+ 25. Kh1 exd5 26. Bd3 Ng6 27. Qg3 Rf6
28. c3 c4 29. bxc4 dxc4 30. Bc2 Bb6 31. f5 Rxd1 32. Rxd1 Nf8 33. Bg5 Rc6 34. f6
g6 35. Qh4 h5 36. h3 Re6 37. Be4 Qe8 38. Bd5 Re5 39. Bf4 Rf5 40. Qg3 Ne6 41.
Bxe6 Qxe6 42. Bc7 Bxc7 43. Qxc7 Qxf6 44. Qxc4 Rf4 45. Qd3 Qc6 46. Qe3 Re4 47.
Qf3 Qe6 48. Rf1 Kg7 49. Qf2 Rc4 50. Qf3 Re4 51. Qf2 Re2 52. Qd4+ Kh7 53. Rf6
Re1+ 54. Kh2 Qe7 55. Qf2 Kg7 56. Rxf7+ Qxf7 57. Qxe1 Qf4+ 58. Qg3 Qc4 59. Qe5+
Kh7 60. Qe7+ Kh6 61. Qe3+ Kh7 62. Qd2 Qc7+ 63. Kg1 Qc5+ 64. Qd4 Qa3 65. Qd2 Qc5+
66. Kf1 Qc4+ 67. Ke1 Qe4+ 68. Kd1 Qb1+ 69. Ke2 Qe4+ 70. Kf2 Qf5+ 71. Kg1 Qc5+
72. Kh1 Qc4 73. Kh2 Qc7+ 74. Kg1 Qc5+ 75. Qd4 Qa3 76. Qd7+ Kh6 77. Qd2+ Kh7 78.
Kh2 Qa4 79. Qe2 Qf4+ 80. g3 Qc1 81. c4 Qc3 82. Kg2 a5 83. Qe7+ Kh8 84. Qf8+ Kh7
85. Qe7+ Kh8 86. c5 Qc2+ 87. Kf3 Qd3+ 88. Qe3 Qd5+ 89. Kf2 Qxa2+ 90. Kf3 Qd5+
91. Kf2 Qf5+ 92. Kg2 Qd5+ 93. Kf2 Qf5+ 94. Kg2 Qc2+ 95. Kg1 a4 96. Qe8+ Kh7 97.
Qf7+ Kh8 98. Qf8+ Kh7 99. Qf7+ 1/2-1/2

[Event "Sportaccord WMG Blitz Women"]
[Site "Beijing CHN"]
[Date "2011.12.13"]
[Round "14"]
[Board "1"]
[White "Lahno, Kateryna"]
[Black "Dzagnidze, Nana"]
[Result "0-1"]
[WhiteTitle "GM"]
[BlackTitle "GM"]
[WhiteElo "2549"]
[BlackElo "2516"]
[WhiteFideId "14109336"]
[BlackFideId "13601903"]
[EventDate "2011.12.12"]

1. c4 Nf6 2. Nf3 e6 3. g3 b6 4. Bg2 Bb7 5. O-O Be7 6. Nc3 O-O 7. Re1 d5 8. cxd5
exd5 9. d4 Ne4 10. Nxe4 dxe4 11. Nd2 f5 12. Nc4 Nd7 13. Qb3 Bd5 14. Qc2 c6 15.
Ne3 Rc8 16. Nxd5 cxd5 17. Qb3 Nb8 18. Be3 Nc6 19. Rac1 Qd7 20. Qa4 Rc7 21. Bf4
Bd6 22. Bxd6 Qxd6 23. e3 Ne7 24. Rc2 Rxc2 25. Qxc2 Rc8 26. Qa4 a5 27. Bf1 Kf7
28. a3 Qc6 29. Qb3 Ke6 30. Be2 Ng8 31. g4 g6 32. g5 Ne7 33. h4 Rc7 34. Ba6 Nc8
35. Bxc8+ Rxc8 36. Re2 b5 37. Kg2 Qc4 38. Qd1 a4 39. f3 Qc1 40. Qd2 Qxd2 41.
Rxd2 Rc1 42. fxe4 dxe4 43. Kg3 Kd5 44. h5 Rh1 45. Rc2 Rg1+ 46. Kh4 Rg4+ 47. Kh3
Rxg5 48. Rc5+ Kd6 49. hxg6 hxg6 50. Rxb5 Rg1 51. Kh4 g5+ 52. Kh5 f4 53. exf4
gxf4 54. Re5 e3 0-1

[Event "Sportaccord WMG Blitz Women"]
[Site "Beijing CHN"]
[Date "2011.12.13"]
[Round "14"]
[Board "2"]
[White "Danielian, Elina"]
[Black "Hou, Yifan"]
[Result "0-1"]
[WhiteTitle "GM"]
[BlackTitle "GM"]
[WhiteElo "2497"]
[BlackElo "2578"]
[WhiteFideId "13300210"]
[BlackFideId "8602980"]
[EventDate "2011.12.12"]

1. Nf3 c5 2. g3 g6 3. Bg2 Bg7 4. O-O Nc6 5. c3 e5 6. e4 Nge7 7. d3 O-O 8. Be3 d6
9. Na3 h6 10. Qd2 Kh7 11. d4 cxd4 12. cxd4 Bg4 13. Nc2 Rc8 14. Rac1 b6 15. h3
Bd7 16. Rfd1 Rc7 17. Na3 exd4 18. Nxd4 Ne5 19. f4 Rxc1 20. Qxc1 N5c6 21. Ndb5 d5
22. exd5 Nb4 23. Nxa7 Qa8 24. Qc7 Ba4 25. d6 Ned5 26. b3 Qe8 27. Bf2 Nxc7 28.
dxc7 Bd7 29. Re1 Be6 30. c8=Q Bxc8 31. Rxe8 Rxe8 32. Nxc8 Rxc8 33. Nc4 Nxa2 34.
Bxb6 Nb4 35. Bf2 Nd3 36. Be3 Nc5 37. Bxc5 Rxc5 38. Kf2 Rb5 39. Nd2 Bc3 40. Ne4
Bd4+ 41. Ke2 Rxb3 42. Bf3 Re3+ 0-1

[Event "Sportaccord WMG Blitz Women"]
[Site "Beijing CHN"]
[Date "2011.12.13"]
[Round "14"]
[Board "3"]
[White "Ju, Wenjun"]
[Black "Harika, Dronavalli"]
[Result "1-0"]
[WhiteTitle "WGM"]
[BlackTitle "GM"]
[WhiteElo "2543"]
[BlackElo "2512"]
[WhiteFideId "8603006"]
[BlackFideId "5015197"]
[EventDate "2011.12.12"]

1. d4 g6 2. c4 d6 3. g3 Bg7 4. Bg2 Nd7 5. Nf3 e5 6. O-O Ne7 7. Nc3 O-O 8. e4
exd4 9. Nxd4 Nc6 10. Be3 Nde5 11. Nxc6 bxc6 12. Qe2 Ba6 13. b3 Nxc4 14. bxc4
Bxc3 15. Rac1 Bg7 16. Qc2 Bc8 17. Qa4 Bd7 18. c5 d5 19. Rfd1 Re8 20. Bd4 Bxd4
21. Qxd4 Bg4 22. Rd2 dxe4 23. Bxe4 Qg5 24. h4 Qe7 25. Bxc6 Red8 26. Qxg4 Rxd2
27. Bxa8 h5 28. Qf3 Rxa2 29. Bd5 Rd2 30. Kg2 a5 31. Rc3 Re2 32. Bxf7+ Kg7 33.
Bc4 Re5 34. c6 a4 35. Re3 Rxe3 36. Qxe3 Qb4 37. Qe5+ Kf8 38. Qf6+ Ke8 39. Bf7+
Kf8 40. Be6+ Ke8 41. Qf7+ 1-0

[Event "Sportaccord WMG Blitz Women"]
[Site "Beijing CHN"]
[Date "2011.12.13"]
[Round "14"]
[Board "4"]
[White "Dembo, Yelena"]
[Black "Zatonskih, Anna"]
[Result "0-1"]
[WhiteTitle "IM"]
[BlackTitle "IM"]
[WhiteElo "2468"]
[BlackElo "2506"]
[WhiteFideId "723916"]
[BlackFideId "14101572"]
[EventDate "2011.12.12"]

1. e4 e6 2. d4 d5 3. Nc3 Nf6 4. e5 Nfd7 5. f4 c5 6. Nf3 Nc6 7. Be3 Qb6 8. a3
cxd4 9. Nxd4 Bc5 10. b4 Bxd4 11. Na4 Bxe3 12. Nxb6 Bxb6 13. Bd3 O-O 14. Qg4 f5
15. Qg3 a5 16. b5 Ne7 17. Qf3 a4 18. h4 Nc5 19. h5 Bd7 20. Rb1 Rac8 21. h6 g6
22. Ke2 Ne4 23. Rb2 Rc3 24. Ra1 Rfc8 25. Kd1 Bd4 26. Raa2 R3c5 27. Bxe4 dxe4 28.
Qe2 Bxb2 29. Rxb2 Nd5 30. Qd2 Bxb5 31. Ke1 e3 32. Qd1 Nxf4 33. Qf3 Nd5 34. c4
Rxc4 0-1

[Event "Sportaccord WMG Blitz Women"]
[Site "Beijing CHN"]
[Date "2011.12.13"]
[Round "14"]
[Board "5"]
[White "Cmilyte, Viktorija"]
[Black "Cramling, Pia"]
[Result "1/2-1/2"]
[WhiteTitle "GM"]
[BlackTitle "GM"]
[WhiteElo "2503"]
[BlackElo "2495"]
[WhiteFideId "12801259"]
[BlackFideId "1700030"]
[EventDate "2011.12.12"]

1. d4 d5 2. c4 c6 3. Nf3 Nf6 4. Nc3 dxc4 5. a4 Bf5 6. Nh4 Bg4 7. h3 Bh5 8. g4
Bg6 9. Nxg6 hxg6 10. e4 e6 11. Bxc4 Bb4 12. Bg5 Bxc3+ 13. bxc3 Qa5 14. Bd2 Nxe4
15. Qe2 Nxd2 16. Kxd2 Nd7 17. Qf3 Nb6 18. Bb3 Qg5+ 19. Kc2 Nd5 20. Rae1 Qe7 21.
Kb2 g5 22. Re5 O-O-O 23. a5 a6 24. Rb1 Qf6 25. Qg3 Qf4 26. Qxf4 Nxf4 27. Rxg5 g6
28. Bc2 Rxh3 29. Rc5 Rdh8 30. Ka3 Rf3 31. Be4 Rxf2 32. Bxc6 bxc6 33. Rxc6+ Kd7
34. Rxa6 Rc8 35. Ra7+ Rc7 36. Rbb7 Rxb7 37. Rxb7+ Kc6 38. Rxf7 Nd3 39. Re7 Kd6
40. Rg7 Nc1 41. Kb4 Rb2+ 42. Kc4 Ra2 43. Ra7 Kc6 44. Ra6+ Kb7 45. Rb6+ Kc7 46.
Ra6 Kb7 47. Rb6+ Kc7 48. Rxe6 Rxa5 49. Rxg6 Ne2 50. Rg7+ Kd6 51. Rg6+ Ke7 52.
Rg7+ Kd6 53. g5 Nf4 54. Rf7 Nh5 55. g6 Rg5 56. Ra7 Kc6 57. Ra6+ Kb7 58. Re6 Kc7
59. d5 Nf4 60. Rc6+ Kd7 61. Ra6 Rxg6 62. Rxg6 Nxg6 63. Kc5 Ne7 64. c4 Nf5 65.
Kb5 Kd6 66. Kb4 Ne3 67. Kc3 Nxd5+ 68. cxd5 Kxd5 1/2-1/2

[Event "Sportaccord WMG Blitz Women"]
[Site "Beijing CHN"]
[Date "2011.12.13"]
[Round "14"]
[Board "6"]
[White "Socko, Monika"]
[Black "Muzychuk, Anna"]
[Result "1/2-1/2"]
[WhiteTitle "GM"]
[BlackTitle "IM"]
[WhiteElo "2479"]
[BlackElo "2562"]
[WhiteFideId "1106619"]
[BlackFideId "14111330"]
[EventDate "2011.12.12"]

1. d4 f5 2. c4 Nf6 3. Nc3 d6 4. Nf3 g6 5. g3 Bg7 6. Bg2 O-O 7. O-O Qe8 8. Rb1 e5
9. dxe5 dxe5 10. b3 e4 11. Nd4 c6 12. b4 Be6 13. Nxe6 Qxe6 14. Qb3 Nbd7 15. Be3
Ne5 16. c5 Qxb3 17. axb3 a6 18. Rfd1 Rad8 19. f3 exf3 20. exf3 Nd3 21. Bf1 Nxb4
22. Bf4 Nh5 23. Bc4+ Kh8 24. Ne2 Nxf4 25. Nxf4 Rfe8 26. Ne6 Rxd1+ 27. Rxd1 Nd5
28. Bxd5 cxd5 29. Nxg7 Kxg7 30. Rxd5 Re7 1/2-1/2

[Event "Sportaccord WMG Blitz Women"]
[Site "Beijing CHN"]
[Date "2011.12.13"]
[Round "14"]
[Board "7"]
[White "Kosteniuk, Alexandra"]
[Black "Skripchenko, Almira"]
[Result "1-0"]
[WhiteTitle "GM"]
[BlackTitle "IM"]
[WhiteElo "2439"]
[BlackElo "2468"]
[WhiteFideId "4128125"]
[BlackFideId "13900145"]
[EventDate "2011.12.12"]

1. e4 d6 2. d4 Nf6 3. Nc3 g6 4. Be3 c6 5. h3 Nbd7 6. f4 e5 7. Qf3 Qc7 8. dxe5
dxe5 9. f5 Be7 10. Bc4 b5 11. Bb3 Bb7 12. a3 a6 13. Nge2 c5 14. Nd5 Nxd5 15.
Bxd5 Bxd5 16. exd5 Nb6 17. O-O O-O-O 18. fxg6 fxg6 19. Rad1 Rhf8 20. Qg4+ Kb8
21. Rxf8 Rxf8 22. Qe4 Bd6 23. b3 Rc8 24. a4 b4 25. Ng3 c4 26. Qg4 Bc5 27. Bxc5
Qxc5+ 28. Kh2 Nxd5 29. Qe6 Nf4 30. Qxa6 Qc6 31. Qxc6 Rxc6 32. Rd2 cxb3 33. cxb3
Rc3 34. Rb2 Re3 35. Nf1 Re1 36. Nd2 e4 37. Kg3 Nd3 38. Rc2 e3 39. Nf3 Rb1 40.
Re2 Nc1 41. Rxe3 Nxb3 42. Re8+ Kb7 43. Re7+ Ka6 44. Rxh7 Nc5 45. Rg7 b3 46. Nd2
Rb2 47. Rxg6+ Ka5 48. Nc4+ Kb4 49. Nxb2 Kc3 50. Rc6 Kxb2 51. Rxc5 1-0